Spell the Marvel Hero #1 - Statistics

General Stats
  • This quiz has been taken 53 times
  • The average score is 4 of 5
Answer Stats
Picture Answer % Correct
Captain Marvel
98%
Human Torch
91%
Echo
77%
Elsa Bloodstone
58%
Outlaw
49%
No matching quizzes found
Score Distribution
Percent of People with Each Score
Percentile by Number Answered
Your Score History
You have not taken this quiz